| 000 | 01046nmm a2200301 a 4500 | ||
|---|---|---|---|
| 001 | ocm0002348006 | ||
| 003 | TR-IsHL | ||
| 005 | 20201028185331.0 | ||
| 008 | 190906s2018 tu tur | ||
| 007 | cr cn | ||
| 020 | _a9786052022542 | ||
| 035 |
_a2348006 _b(N$T) |
||
| 050 | 0 | 4 |
_aPJ7741.B5 _bA47 2018 |
| 090 | 0 | 4 |
_aPJ7741.B5 _bA47 2018 |
| 100 | 1 | _aBeydeba | |
| 245 | 1 | 0 |
_aKelile ve Dimne _h[electronic resource] / _cBeydeba ; çeviri Selahattin Hacıoğlu ; editör Ece Özbaş |
| 250 | _a1. Baskı | ||
| 260 |
_aİstanbul : _bİlgi Kültür Sanat Yayıncılık , _c2018 |
||
| 300 | _a256 p. | ||
| 650 | 4 | _aDil ve Edebiyat | |
| 650 | 4 | _aLanguage and Literature | |
| 650 | 0 |
_aFabllar, Farsça _x Türkçeye çeviri |
|
| 650 | 0 |
_aFables, Persian _x Translations into Turkish |
|
| 650 | 7 |
_aJUVENILE FICTION / Fairy Tales & Folklore / General _2bisacsh |
|
| 700 | 1 | _aHacıoğlu, Selahattin | |
| 700 | 1 | _aÖzbaş, Ece | |
| 856 | 4 | 0 | _uhttp://search.ebscohost.com/login.aspx?direct=true&scope=site&db=e011xww&AN=2348006 |
| 999 |
_c21417 _d21417 |
||